000 00899 a2200313 4500
999 _c59756
_d15222
001 59756
003 TR-AnTOB
005 20200406161640.0
008 061227s1987 tu 00000 tur
040 _aTR-AnTOB
_cTR-AnTOB
041 _atur
050 0 _aHF5657.4
_b.B895 1987
090 _aHF5657.4 .B895 1987
100 _aBüyükmirza, Kamil
_927730
245 0 _aYönetim muhasebesi /
_cKamil Büyükmirza.
250 _a3.bsk.
264 1 _aAnkara :
_bGazi Üniversitesi ,
_c1987
300 _axi 306s. :tabl.,grf. ;c24cm
336 _2rdacontent
_atext
_btxt
337 _2rdamedia
_aunmediated
_bn
338 _2rdacarrier
_avolume
_bnc
490 0 _aGazi Üniversitesi ;
_v114
_aİktisadi ve İdari Bilimler Fakültesi ;
_v47
650 _aManagerial accounting
_9195
650 _aYönetim muhasebesi
_934396
901 _a0017565
902 _abs
942 _cBK
_2lcc